Excel : portable genius

Bibliographic Details
Main Author: Bucki, Lisa A.
Format: Book
Published: India : John Wiley & Sons , 2021
Subjects:

MARC

LEADER 00000cam a2200000 7i4500
001 0000088306
005 20230125103207.0
008 220328
020 |a 9781119763611 
041 |a English 
090 0 0 |a 005.54   |b BUC 
100 1 |a Bucki, Lisa A. 
245 1 0 |a Excel :   |b portable genius   |c Lisa A. Bucki 
260 |a India :   |b John Wiley & Sons ,   |c 2021 
300 |a 221 p. :   |b ill. ;   |c 21.5 cm. 
500 |a Includes index 
541 |c Purchased on 2021   |f KPM/JI/132   |h RM85.80 
650 0 |a Electronic spreadsheets 
650 0 |a Microsoft Excel (computer file) 
999 |a 0001677038   |b Book   |c Adult Collection   |e Perbadanan Perpustakaan Awam Johor